000 00683nam a2200229 a 4500
999 _c3490
_d3490
001 3490
003 BD-JhCC
005 20171114125053.0
008 171114s1971 ii |||| ||a| 000 0 ben d
035 _a(BD-JhCC)3490
040 _aBD-JhCC
_dBD-JhCC
041 _aeng
082 _a891.4409
_bSEN 1971
100 _aসেন, নিখিল
245 _aএশিয়া সাহিত্য /
_cনিখিল সেন,
260 _aকলিকাতা :
_bবিদ্যোদয় লাইব্রেরী,
_c1971
300 _a727 p. :
_c22 cm.
650 _aAsian Literature
650 _aHistory of AsianLiterature
942 _2ddc
_cBK